[Event "DEM U10 2024"]
[Site "Willingen GER"]
[Date "2024.05.19"]
[Round "2"]
[White "El-Issa, Erik"]
[Black "Meitzner, Jonathan Franz"]
[Result "0-1"]
[Termination "normal"]
[Board "17"]
[WhiteElo "1172"]
[BlackElo "1730"]
[WhiteClock "00:41:22"]
[BlackClock "00:29:36"]
[PlyCount "104"]
[WhiteFideId "533001782"]
[BlackFideId "34616110"]
[EventCountry "GER"]
[EventRounds "11"]
[EventType "swiss"]
[EventDate "2024.05.18"]

1. e4 {[%clk 01:15:57]} {[%emt 00:00:01]} c5 {[%clk 01:15:53]} {[%emt
00:00:08]} 2. Nf3 {[%clk 01:16:17]} {[%emt 00:00:11]} e6 {[%clk 01:15:53]}
{[%emt 00:00:30]} 3. c3 {[%clk 01:15:58]} {[%emt 00:00:48]} d6 {[%clk
01:13:56]} {[%emt 00:02:27]} 4. d4 {[%clk 01:15:54]} {[%emt 00:00:34]} cxd4
{[%clk 01:14:02]} {[%emt 00:00:24]} 5. cxd4 {[%clk 01:16:12]} {[%emt 00:00:12]}
Nf6 {[%clk 01:12:54]} {[%emt 00:01:39]} 6. Nc3 {[%clk 01:16:05]} {[%emt
00:00:36]} Be7 {[%clk 01:11:54]} {[%emt 00:01:31]} 7. Bc4 {[%clk 01:15:45]}
{[%emt 00:00:47]} Qc7 {[%clk 01:09:17]} {[%emt 00:03:09]} 8. Qb3 {[%clk
01:15:20]} {[%emt 00:00:54]} a6 {[%clk 01:07:15]} {[%emt 00:02:34]} 9. O-O
{[%clk 01:11:53]} {[%emt 00:03:57]} Nc6 {[%clk 01:06:57]} {[%emt 00:00:48]} 10.
Qc2 {[%clk 01:09:35]} {[%emt 00:02:48]} Nxd4 {[%clk 00:59:56]} {[%emt
00:07:31]} 11. Nxd4 {[%clk 01:07:51]} {[%emt 00:02:13]} Qxc4 {[%clk 01:00:15]}
{[%emt 00:00:12]} 12. Be3 {[%clk 01:07:37]} {[%emt 00:00:42]} O-O {[%clk
00:59:36]} {[%emt 00:01:11]} 13. h3 {[%clk 01:07:08]} {[%emt 00:00:59]} b5
{[%clk 00:59:13]} {[%emt 00:00:52]} 14. Qb3 {[%clk 01:06:06]} {[%emt 00:01:32]}
Qxb3 {[%clk 00:59:18]} {[%emt 00:00:26]} 15. axb3 {[%clk 01:06:03]} {[%emt
00:00:32]} Bb7 {[%clk 00:54:31]} {[%emt 00:05:15]} 16. f3 {[%clk 01:03:37]}
{[%emt 00:02:58]} Rac8 {[%clk 00:48:44]} {[%emt 00:06:16]} 17. Rac1 {[%clk
01:02:04]} {[%emt 00:02:04]} d5 {[%clk 00:47:51]} {[%emt 00:01:21]} 18. Bg5
{[%clk 00:55:18]} {[%emt 00:07:18]} Bc5 {[%clk 00:42:12]} {[%emt 00:06:06]} 19.
Rfd1 {[%clk 00:53:16]} {[%emt 00:02:34]} e5 {[%clk 00:41:09]} {[%emt 00:01:34]}
20. Bxf6 {[%clk 00:52:04]} {[%emt 00:01:42]} Bxd4+ {[%clk 00:39:01]} {[%emt
00:02:38]} 21. Rxd4 {[%clk 00:52:13]} {[%emt 00:00:22]} exd4 {[%clk 00:39:14]}
{[%emt 00:00:16]} 22. Bxd4 {[%clk 00:52:34]} {[%emt 00:00:09]} b4 {[%clk
00:39:38]} {[%emt 00:00:08]} 23. Ne2 {[%clk 00:52:42]} {[%emt 00:00:20]} Rxc1+
{[%clk 00:39:58]} {[%emt 00:00:11]} 24. Nxc1 {[%clk 00:52:46]} {[%emt
00:00:25]} dxe4 {[%clk 00:40:01]} {[%emt 00:00:28]} 25. fxe4 {[%clk 00:50:44]}
{[%emt 00:02:31]} Bxe4 {[%emt 00:00:19]} 26. Ne2 {[%clk 00:50:33]} {[%emt
00:00:39]} Rd8 {[%clk 00:39:39]} {[%emt 00:00:58]} 27. Kf2 {[%clk 00:50:08]}
{[%emt 00:01:01]} Bc2 {[%clk 00:39:20]} {[%emt 00:00:49]} 28. g4 {[%clk
00:48:31]} {[%emt 00:02:07]} Bxb3 {[%clk 00:39:24]} {[%emt 00:00:26]} 29. g5
{[%clk 00:48:23]} {[%emt 00:00:39]} Bc4 {[%clk 00:39:04]} {[%emt 00:00:43]} 30.
Be3 {[%clk 00:47:58]} {[%emt 00:01:02]} Rd1 {[%clk 00:37:37]} {[%emt 00:01:57]}
31. Ng3 {[%clk 00:46:12]} {[%emt 00:02:15]} Rb1 {[%clk 00:35:27]} {[%emt
00:02:41]} 32. Bd4 {[%clk 00:46:17]} {[%emt 00:00:25]} a5 {[%clk 00:34:07]}
{[%emt 00:01:50]} 33. h4 {[%clk 00:46:27]} {[%emt 00:00:20]} a4 {[%clk
00:34:15]} {[%emt 00:00:21]} 34. h5 {[%clk 00:46:44]} {[%emt 00:00:15]} a3
{[%clk 00:29:15]} {[%emt 00:05:30]} 35. h6 {[%clk 00:46:08]} {[%emt 00:01:05]}
a2 {[%clk 00:25:50]} {[%emt 00:03:55]} 36. hxg7 {[%clk 00:45:34]} {[%emt
00:01:04]} a1=Q {[%emt 00:00:43]} 37. Ne4 {[%emt 00:00:33]} Qxb2+ {[%clk
00:24:55]} {[%emt 00:00:09]} 38. Bxb2 {[%clk 00:45:44]} {[%emt 00:00:20]} Rxb2+
{[%clk 00:25:21]} {[%emt 00:00:05]} 39. Ke3 {[%clk 00:45:16]} {[%emt 00:00:57]}
Re2+ {[%clk 00:25:43]} {[%emt 00:00:07]} 40. Kd4 {[%clk 00:45:06]} {[%emt
00:00:42]} Rxe4+ {[%clk 00:26:07]} {[%emt 00:00:05]} 41. Kxe4 {[%clk 00:45:05]}
{[%emt 00:00:31]} b3 {[%clk 00:26:33]} {[%emt 00:00:05]} 42. g6 {[%clk
00:45:02]} {[%emt 00:00:33]} hxg6 {[%clk 00:26:51]} {[%emt 00:00:11]} 43. Kd4
{[%clk 00:45:13]} {[%emt 00:00:19]} b2 {[%clk 00:27:16]} {[%emt 00:00:06]} 44.
Kxc4 {[%clk 00:42:36]} {[%emt 00:03:06]} b1=Q {[%emt 00:00:09]} 45. Kd5 {[%clk
00:42:40]} {[%emt 00:00:25]} Kxg7 {[%clk 00:27:57]} {[%emt 00:00:11]} 46. Ke5
{[%clk 00:42:54]} {[%emt 00:00:17]} Qb4 {[%clk 00:28:07]} {[%emt 00:00:18]} 47.
Kd5 {[%clk 00:43:06]} {[%emt 00:00:19]} Kf6 {[%clk 00:28:29]} {[%emt 00:00:07]}
48. Kc6 {[%clk 00:41:49]} {[%emt 00:01:48]} Ke6 {[%clk 00:28:18]} {[%emt
00:00:41]} 49. Kc7 {[%clk 00:41:30]} {[%emt 00:00:49]} Qd6+ {[%clk 00:28:33]}
{[%emt 00:00:15]} 50. Kb7 {[%clk 00:41:24]} {[%emt 00:00:37]} Kd7 {[%clk
00:28:49]} {[%emt 00:00:13]} 51. Ka8 {[%clk 00:40:59]} {[%emt 00:00:55]} Kc7
{[%clk 00:29:12]} {[%emt 00:00:07]} 52. Ka7 {[%clk 00:41:22]} {[%emt 00:00:08]}
Qa3# {[%clk 00:29:36]} {[%emt 00:00:06]} 0-1

[Event "DEM U10 2024"]
[Site "Willingen GER"]
[Date "2024.05.19"]
[Round "2"]
[White "Liu, Yichen"]
[Black "Grimm, Jakob"]
[Result "0-1"]
[Termination "normal"]
[Board "18"]
[WhiteElo "1212"]
[BlackElo "1681"]
[WhiteClock "00:59:13"]
[BlackClock "00:57:20"]
[PlyCount "88"]
[WhiteFideId "34677917"]
[BlackFideId "34635645"]
[EventCountry "GER"]
[EventRounds "11"]
[EventType "swiss"]
[EventDate "2024.05.18"]

1. e4 {[%clk 01:15:58]} {[%emt 00:00:02]} e5 {[%clk 01:15:56]} {[%emt
00:00:05]} 2. Nf3 {[%clk 01:16:22]} {[%emt 00:00:06]} Nc6 {[%clk 01:16:23]}
{[%emt 00:00:04]} 3. d4 {[%clk 01:16:46]} {[%emt 00:00:05]} exd4 {[%clk
01:16:49]} {[%emt 00:00:03]} 4. Nxd4 {[%clk 01:17:11]} {[%emt 00:00:06]} Nf6
{[%clk 01:17:15]} {[%emt 00:00:04]} 5. Nc3 {[%clk 01:17:32]} {[%emt 00:00:09]}
Nxe4 {[%clk 01:17:13]} {[%emt 00:00:31]} 6. Nxe4 {[%clk 01:17:38]} {[%emt
00:00:25]} Qe7 {[%clk 01:17:40]} {[%emt 00:00:04]} 7. Bd3 {[%clk 01:17:55]}
{[%emt 00:00:12]} Nxd4 {[%clk 01:18:01]} {[%emt 00:00:08]} 8. O-O {[%clk
01:17:47]} {[%emt 00:00:38]} d5 {[%clk 01:16:40]} {[%emt 00:01:52]} 9. Nc3
{[%clk 01:17:45]} {[%emt 00:00:32]} c6 {[%clk 01:16:56]} {[%emt 00:00:14]} 10.
Re1 {[%clk 01:17:26]} {[%emt 00:00:49]} Ne6 {[%clk 01:14:10]} {[%emt 00:03:15]}
11. f4 {[%clk 01:15:45]} {[%emt 00:02:10]} Qc5+ {[%clk 01:12:04]} {[%emt
00:02:37]} 12. Kf1 {[%clk 01:15:01]} {[%emt 00:01:15]} g6 {[%clk 01:09:57]}
{[%emt 00:02:36]} 13. Qe2 {[%clk 01:11:56]} {[%emt 00:03:34]} b5 {[%clk
01:01:53]} {[%emt 00:08:35]} 14. a3 {[%clk 01:11:37]} {[%emt 00:00:50]} Bd6
{[%clk 01:00:21]} {[%emt 00:02:02]} 15. Bd2 {[%clk 01:10:11]} {[%emt 00:01:56]}
Qd4 {[%clk 00:57:46]} {[%emt 00:03:05]} 16. g3 {[%clk 01:08:16]} {[%emt
00:02:25]} Bc5 {[%clk 00:57:25]} {[%emt 00:00:51]} 17. Be3 {[%clk 01:07:46]}
{[%emt 00:00:59]} Qxe3 {[%clk 00:57:27]} {[%emt 00:00:29]} 18. Qxe3 {[%clk
01:07:49]} {[%emt 00:00:27]} Bxe3 {[%clk 00:57:51]} {[%emt 00:00:06]} 19. Rxe3
{[%clk 01:08:11]} {[%emt 00:00:07]} d4 {[%clk 00:58:13]} {[%emt 00:00:09]} 20.
Re2 {[%clk 01:06:38]} {[%emt 00:02:03]} dxc3 {[%clk 00:58:31]} {[%emt
00:00:12]} 21. bxc3 {[%clk 01:06:32]} {[%emt 00:00:36]} O-O {[%clk 00:58:45]}
{[%emt 00:00:15]} 22. Rae1 {[%clk 01:04:34]} {[%emt 00:02:29]} Nc5 {[%clk
00:58:08]} {[%emt 00:01:07]} 23. Re7 {[%clk 01:01:39]} {[%emt 00:03:24]} Nxd3
{[%clk 00:58:24]} {[%emt 00:00:15]} 24. cxd3 {[%clk 01:02:00]} {[%emt
00:00:09]} Be6 {[%clk 00:57:51]} {[%emt 00:01:03]} 25. Rc7 {[%clk 01:01:47]}
{[%emt 00:00:43]} Rfc8 {[%clk 00:57:58]} {[%emt 00:00:22]} 26. Rb7 {[%clk
01:01:49]} {[%emt 00:00:28]} Re8 {[%clk 00:57:05]} {[%emt 00:01:23]} 27. Rc7
{[%clk 01:01:29]} {[%emt 00:00:49]} Bh3+ {[%clk 00:57:25]} {[%emt 00:00:10]}
28. Kf2 {[%clk 01:01:48]} {[%emt 00:00:11]} Rxe1 {[%clk 00:57:45]} 29. Kxe1
{[%clk 01:01:57]} {[%emt 00:00:32]} Bf5 {[%clk 00:56:53]} {[%emt 00:01:21]} 30.
d4 {[%clk 01:01:34]} {[%emt 00:00:53]} Be4 {[%clk 00:57:01]} {[%emt 00:00:23]}
31. Kd2 {[%clk 01:01:39]} {[%emt 00:00:25]} a5 {[%clk 00:57:20]} {[%emt
00:00:11]} 32. Ke3 {[%clk 01:01:07]} {[%emt 00:01:02]} Bd5 {[%clk 00:55:30]}
{[%emt 00:02:21]} 33. Kd3 {[%clk 01:01:15]} {[%emt 00:00:21]} Kg7 {[%clk
00:55:26]} {[%emt 00:00:34]} 34. Rb7 {[%clk 01:00:55]} {[%emt 00:00:50]} Kf6
{[%clk 00:55:42]} {[%emt 00:00:14]} 35. Rc7 {[%clk 01:01:01]} {[%emt 00:00:23]}
Kf5 {[%clk 00:55:32]} {[%emt 00:00:41]} 36. Ke3 {[%clk 01:01:08]} {[%emt
00:00:23]} Kg4 {[%clk 00:55:41]} {[%emt 00:00:21]} 37. Kf2 {[%clk 01:01:14]}
{[%emt 00:00:23]} Kh3 {[%clk 00:55:40]} {[%emt 00:00:31]} 38. Kg1 {[%clk
01:01:07]} {[%emt 00:00:38]} Kg4 {[%clk 00:55:46]} {[%emt 00:00:23]} 39. Re7
{[%clk 01:01:27]} {[%emt 00:00:11]} Kf3 {[%clk 00:55:45]} {[%emt 00:00:31]} 40.
Kf1 {[%clk 00:58:37]} {[%emt 00:03:19]} b4 {[%clk 00:55:55]} {[%emt 00:00:21]}
41. axb4 {[%clk 00:58:38]} {[%emt 00:00:29]} axb4 {[%clk 00:56:15]} {[%emt
00:00:10]} 42. cxb4 {[%clk 00:58:39]} {[%emt 00:00:28]} Ra1+ {[%clk 00:56:34]}
{[%emt 00:00:11]} 43. Re1 {[%clk 00:59:00]} {[%emt 00:00:09]} Bc4+ {[%clk
00:57:01]} {[%emt 00:00:04]} 44. Kg1 {[%clk 00:59:13]} {[%emt 00:00:17]} Rxe1#
{[%clk 00:57:20]} {[%emt 00:00:09]} 0-1

[Event "DEM U10 2024"]
[Site "Willingen GER"]
[Date "2024.05.19"]
[Round "2"]
[White "Liu, Jonas"]
[Black "Dombert, Johannes"]
[Result "1-0"]
[Termination "normal"]
[Board "19"]
[WhiteElo "1632"]
[BlackElo "1270"]
[WhiteClock "00:35:46"]
[BlackClock "00:14:25"]
[PlyCount "81"]
[WhiteFideId "34660941"]
[BlackFideId "533001766"]
[EventCountry "GER"]
[EventRounds "11"]
[EventType "swiss"]
[EventDate "2024.05.18"]

1. e4 {[%clk 01:15:51]} {[%emt 00:00:08]} e5 {[%clk 01:15:54]} {[%emt
00:00:06]} 2. Nf3 {[%clk 01:16:01]} {[%emt 00:00:20]} Nf6 {[%clk 01:16:09]}
{[%emt 00:00:15]} 3. Nxe5 {[%clk 01:15:42]} {[%emt 00:00:50]} d6 {[%clk
01:16:32]} {[%emt 00:00:07]} 4. Nf3 {[%clk 01:16:08]} {[%emt 00:00:04]} Nxe4
{[%clk 01:16:52]} {[%emt 00:00:10]} 5. d3 {[%clk 01:16:01]} {[%emt 00:00:36]}
Nf6 {[%clk 01:17:09]} {[%emt 00:00:14]} 6. g3 {[%clk 01:15:03]} {[%emt
00:01:27]} d5 {[%clk 01:14:49]} {[%emt 00:02:50]} 7. Bg2 {[%clk 01:14:13]}
{[%emt 00:01:21]} Be6 {[%clk 01:12:08]} {[%emt 00:03:09]} 8. O-O {[%clk
01:13:56]} {[%emt 00:00:48]} Bd6 {[%clk 01:04:54]} {[%emt 00:07:43]} 9. Nc3
{[%clk 01:12:19]} {[%emt 00:02:08]} c6 {[%clk 01:03:02]} {[%emt 00:02:21]} 10.
Re1 {[%clk 01:12:33]} {[%emt 00:00:16]} O-O {[%clk 01:02:28]} {[%emt 00:01:04]}
11. b3 {[%clk 01:05:44]} {[%emt 00:07:18]} Nbd7 {[%clk 00:57:24]} {[%emt
00:05:35]} 12. Nd4 {[%clk 01:04:23]} {[%emt 00:01:52]} Re8 {[%clk 00:56:57]}
{[%emt 00:00:55]} 13. Bb2 {[%clk 01:02:14]} {[%emt 00:02:40]} a6 {[%clk
00:54:53]} {[%emt 00:02:31]} 14. Nxe6 {[%clk 01:01:41]} {[%emt 00:01:06]} Rxe6
{[%clk 00:54:59]} {[%emt 00:00:21]} 15. Rxe6 {[%clk 01:01:50]} {[%emt
00:00:23]} fxe6 {[%clk 00:55:22]} {[%emt 00:00:06]} 16. Qe2 {[%clk 00:59:20]}
{[%emt 00:03:02]} Qe7 {[%clk 00:55:43]} {[%emt 00:00:09]} 17. Re1 {[%clk
00:59:30]} {[%emt 00:00:19]} Re8 {[%clk 00:56:03]} {[%emt 00:00:10]} 18. Nd1
{[%clk 00:46:47]} {[%emt 00:13:12]} Kf7 {[%clk 00:27:28]} {[%emt 00:29:06]} 19.
c4 {[%clk 00:44:37]} {[%emt 00:02:40]} Bb4 {[%clk 00:24:59]} {[%emt 00:02:59]}
20. Bc3 {[%clk 00:43:22]} {[%emt 00:01:46]} d4 {[%clk 00:16:18]} {[%emt
00:09:11]} 21. Bxb4 {[%clk 00:41:04]} {[%emt 00:02:48]} Qxb4 {[%clk 00:16:41]}
{[%emt 00:00:07]} 22. Kf1 {[%clk 00:37:14]} {[%emt 00:04:19]} Qe7 {[%clk
00:15:10]} {[%emt 00:02:00]} 23. f4 {[%clk 00:35:58]} {[%emt 00:01:47]} e5
{[%clk 00:15:22]} {[%emt 00:00:19]} 24. Nf2 {[%clk 00:34:38]} {[%emt 00:01:49]}
exf4 {[%clk 00:15:32]} {[%emt 00:00:22]} 25. Qxe7+ {[%clk 00:34:59]} {[%emt
00:00:08]} Rxe7 {[%clk 00:15:57]} {[%emt 00:00:05]} 26. Rxe7+ {[%clk 00:35:24]}
{[%emt 00:00:06]} Kxe7 {[%clk 00:16:19]} {[%emt 00:00:08]} 27. gxf4 {[%clk
00:35:50]} {[%emt 00:00:03]} Kd6 {[%clk 00:16:01]} {[%emt 00:00:47]} 28. Ke2
{[%clk 00:35:56]} {[%emt 00:00:24]} Nh5 {[%clk 00:15:43]} {[%emt 00:00:48]} 29.
Ne4+ {[%clk 00:35:32]} {[%emt 00:00:55]} Ke6 {[%clk 00:15:45]} {[%emt
00:00:24]} 30. Kf3 {[%clk 00:35:49]} {[%emt 00:00:16]} Nhf6 {[%clk 00:15:45]}
{[%emt 00:00:31]} 31. Bh3+ {[%clk 00:35:40]} {[%emt 00:00:39]} Ke7 {[%clk
00:15:51]} {[%emt 00:00:19]} 32. Nxf6 {[%clk 00:35:40]} {[%emt 00:00:36]} gxf6
{[%clk 00:16:01]} {[%emt 00:00:19]} 33. Ke4 {[%clk 00:35:49]} {[%emt 00:00:21]}
c5 {[%clk 00:15:51]} {[%emt 00:00:39]} 34. Kd5 {[%clk 00:35:56]} {[%emt
00:00:24]} b6 {[%clk 00:13:17]} {[%emt 00:03:05]} 35. Kc6 {[%clk 00:34:33]}
{[%emt 00:01:53]} Ne5+ {[%clk 00:12:47]} {[%emt 00:01:00]} 36. fxe5 {[%clk
00:34:27]} {[%emt 00:00:36]} fxe5 {[%clk 00:13:10]} {[%emt 00:00:07]} 37. Bf5
{[%clk 00:34:26]} {[%emt 00:00:29]} b5 {[%clk 00:13:25]} {[%emt 00:00:16]} 38.
cxb5 {[%clk 00:34:46]} {[%emt 00:00:10]} axb5 {[%clk 00:13:49]} {[%emt
00:00:07]} 39. Kxb5 {[%clk 00:35:02]} {[%emt 00:00:14]} c4 {[%clk 00:14:04]}
{[%emt 00:00:15]} 40. bxc4 {[%clk 00:35:22]} {[%emt 00:00:09]} e4 {[%clk
00:14:25]} {[%emt 00:00:10]} 41. Bxe4 {[%clk 00:35:46]} {[%emt 00:00:05]} 1-0

[Event "DEM U10 2024"]
[Site "Willingen GER"]
[Date "2024.05.19"]
[Round "2"]
[White "Weßels, Keke"]
[Black "Schmidt, Alexander Nadvid"]
[Result "0-1"]
[Termination "normal"]
[Board "21"]
[WhiteElo "1207"]
[BlackElo "1679"]
[WhiteClock "00:45:32"]
[BlackClock "01:12:53"]
[PlyCount "54"]
[WhiteFideId "34640045"]
[BlackFideId "34661360"]
[EventCountry "GER"]
[EventRounds "11"]
[EventType "swiss"]
[EventDate "2024.05.18"]

1. d4 {[%clk 01:15:57]} {[%emt 00:00:03]} d5 {[%clk 01:15:47]} {[%emt
00:00:13]} 2. Nc3 {[%clk 01:16:15]} {[%emt 00:00:12]} Nf6 {[%clk 01:16:09]}
{[%emt 00:00:09]} 3. Bf4 {[%clk 01:16:28]} {[%emt 00:00:15]} a6 {[%clk
01:16:27]} {[%emt 00:00:13]} 4. e3 {[%clk 01:16:27]} {[%emt 00:00:30]} Bf5
{[%clk 01:16:43]} {[%emt 00:00:14]} 5. f3 {[%clk 01:16:44]} {[%emt 00:00:14]}
e6 {[%clk 01:16:56]} {[%emt 00:00:18]} 6. g4 {[%clk 01:16:53]} {[%emt
00:00:20]} Bg6 {[%clk 01:17:17]} {[%emt 00:00:08]} 7. h4 {[%clk 01:17:10]}
{[%emt 00:00:13]} h6 {[%clk 01:17:32]} {[%emt 00:00:16]} 8. Bd3 {[%clk
01:17:12]} {[%emt 00:00:28]} Bxd3 {[%clk 01:17:21]} {[%emt 00:00:41]} 9. Qxd3
{[%clk 01:17:07]} {[%emt 00:00:35]} Bd6 {[%clk 01:17:25]} {[%emt 00:00:26]} 10.
Nge2 {[%clk 01:16:59]} {[%emt 00:00:37]} Nc6 {[%clk 01:17:26]} {[%emt
00:00:29]} 11. a3 {[%clk 01:15:23]} {[%emt 00:02:08]} e5 {[%clk 01:17:31]}
{[%emt 00:00:24]} 12. Bg3 {[%clk 01:11:34]} {[%emt 00:04:18]} Qe7 {[%clk
01:15:55]} {[%emt 00:02:07]} 13. Qd2 {[%clk 01:08:20]} {[%emt 00:03:44]} exd4
{[%clk 01:15:11]} {[%emt 00:01:14]} 14. Bxd6 {[%clk 01:08:08]} {[%emt
00:00:41]} dxc3 {[%clk 01:15:23]} {[%emt 00:00:19]} 15. Nxc3 {[%clk 01:03:24]}
{[%emt 00:05:14]} Qxd6 {[%clk 01:15:38]} {[%emt 00:00:16]} 16. O-O-O {[%clk
01:03:12]} {[%emt 00:00:41]} O-O-O {[%clk 01:15:44]} {[%emt 00:00:24]} 17. e4
{[%clk 01:02:09]} {[%emt 00:01:33]} dxe4 {[%clk 01:15:18]} {[%emt 00:00:57]}
18. Qe3 {[%clk 01:01:24]} {[%emt 00:01:05]} Qe6 {[%clk 01:15:23]} {[%emt
00:00:32]} 19. Nxe4 {[%clk 01:01:11]} {[%emt 00:00:45]} Nxe4 {[%clk 01:15:03]}
{[%emt 00:00:51]} 20. fxe4 {[%emt 00:00:54]} Qxg4 {[%clk 01:14:17]} {[%emt
00:01:15]} 21. Rdg1 {[%clk 01:00:17]} {[%emt 00:00:53]} Qe6 {[%emt 00:02:51]}
22. Kb1 {[%clk 00:58:31]} g6 {[%clk 01:13:25]} {[%emt 00:01:22]} 23. Rd1 {[%clk
00:55:07]} {[%emt 00:03:55]} f5 {[%clk 01:12:37]} {[%emt 00:01:16]} 24. b3
{[%clk 00:46:17]} {[%emt 00:09:22]} Qxe4 {[%clk 01:12:50]} {[%emt 00:00:17]}
25. Qg3 {[%clk 00:46:10]} {[%emt 00:00:28]} Rd7 {[%clk 01:12:30]} {[%emt
00:00:59]} 26. Kb2 {[%clk 00:45:18]} {[%emt 00:01:20]} Rxd1 {[%clk 01:12:31]}
{[%emt 00:00:32]} 27. Rxd1 {[%clk 00:45:32]} {[%emt 00:00:16]} Qe5+ {[%clk
01:12:53]} {[%emt 00:00:08]} 0-1

[Event "DEM U10 2024"]
[Site "Willingen GER"]
[Date "2024.05.19"]
[Round "2"]
[White "Jung, Michael"]
[Black "Link, Jonas Michael"]
[Result "1-0"]
[Termination "normal"]
[Board "22"]
[WhiteElo "1363"]
[BlackElo "1187"]
[WhiteClock "01:22:47"]
[BlackClock "01:13:43"]
[PlyCount "81"]
[WhiteFideId "34673873"]
[BlackFideId "533001839"]
[EventCountry "GER"]
[EventRounds "11"]
[EventType "swiss"]
[EventDate "2024.05.18"]

1. d4 {[%clk 01:15:57]} {[%emt 00:00:02]} d5 {[%clk 01:15:55]} {[%emt
00:00:06]} 2. c4 {[%clk 01:16:22]} {[%emt 00:00:05]} e6 {[%clk 01:16:21]}
{[%emt 00:00:04]} 3. Nc3 {[%clk 01:16:47]} {[%emt 00:00:04]} Nf6 {[%clk
01:16:43]} {[%emt 00:00:09]} 4. Bf4 {[%clk 01:17:11]} {[%emt 00:00:05]} Bd6
{[%clk 01:16:21]} {[%emt 00:00:53]} 5. Bxd6 {[%clk 01:17:28]} {[%emt 00:00:13]}
Qxd6 {[%clk 01:16:40]} {[%emt 00:00:11]} 6. e3 {[%clk 01:17:37]} {[%emt
00:00:21]} O-O {[%clk 01:16:51]} {[%emt 00:00:19]} 7. c5 {[%clk 01:17:42]}
{[%emt 00:00:25]} Qd8 {[%clk 01:16:46]} {[%emt 00:00:34]} 8. Nf3 {[%clk
01:17:32]} {[%emt 00:00:40]} c6 {[%clk 01:16:19]} {[%emt 00:00:57]} 9. Bd3
{[%clk 01:17:53]} {[%emt 00:00:09]} Qa5 {[%clk 01:15:45]} {[%emt 00:01:03]} 10.
a3 {[%clk 01:18:05]} {[%emt 00:00:19]} Re8 {[%clk 01:15:36]} {[%emt 00:00:40]}
11. b4 {[%clk 01:18:26]} {[%emt 00:00:10]} Qc7 {[%clk 01:15:58]} {[%emt
00:00:07]} 12. Qc2 {[%clk 01:18:26]} {[%emt 00:00:29]} e5 {[%clk 01:16:10]}
{[%emt 00:00:20]} 13. Nxe5 {[%clk 01:18:07]} {[%emt 00:00:49]} Rxe5 {[%clk
01:16:00]} {[%emt 00:00:39]} 14. dxe5 {[%clk 01:18:26]} {[%emt 00:00:11]} Qxe5
{[%clk 01:16:19]} {[%emt 00:00:11]} 15. Rc1 {[%clk 01:18:28]} {[%emt 00:00:28]}
d4 {[%clk 01:16:11]} {[%emt 00:00:39]} 16. Nd1 {[%clk 01:18:15]} {[%emt
00:00:43]} g6 {[%clk 01:15:54]} {[%emt 00:00:46]} 17. O-O {[%emt 00:00:24]} Ng4
{[%clk 01:16:15]} 18. f4 {[%clk 01:18:44]} {[%emt 00:00:16]} Nxe3 {[%clk
01:16:23]} {[%emt 00:00:22]} 19. fxe5 {[%clk 01:18:50]} {[%emt 00:00:24]} Nxc2
{[%clk 01:16:30]} {[%emt 00:00:23]} 20. Bxc2 {[%clk 01:18:54]} {[%emt
00:00:26]} Be6 {[%clk 01:16:37]} {[%emt 00:00:23]} 21. Nf2 {[%clk 01:18:50]}
{[%emt 00:00:34]} Nd7 {[%clk 01:16:43]} {[%emt 00:00:24]} 22. Rfd1 {[%clk
01:18:38]} {[%emt 00:00:42]} Nxe5 {[%clk 01:16:22]} {[%emt 00:00:50]} 23. Rxd4
{[%clk 01:18:54]} {[%emt 00:00:16]} Nc4 {[%clk 01:16:05]} {[%emt 00:00:47]} 24.
Bb3 {[%clk 01:18:53]} {[%emt 00:00:30]} Nxa3 {[%clk 01:16:14]} {[%emt
00:00:21]} 25. Bxe6 {[%clk 01:19:15]} {[%emt 00:00:08]} fxe6 {[%clk 01:16:09]}
{[%emt 00:00:35]} 26. Rd7 {[%clk 01:19:35]} {[%emt 00:00:10]} Rb8 {[%clk
01:15:57]} {[%emt 00:00:43]} 27. Re1 {[%clk 01:19:54]} {[%emt 00:00:09]} Re8
{[%clk 01:15:25]} {[%emt 00:01:03]} 28. Rxb7 {[%clk 01:20:17]} {[%emt
00:00:08]} e5 {[%clk 01:14:49]} {[%emt 00:01:06]} 29. Rxa7 {[%clk 01:20:33]}
{[%emt 00:00:13]} Nc2 {[%clk 01:15:06]} {[%emt 00:00:13]} 30. Re2 {[%clk
01:20:47]} {[%emt 00:00:16]} Nxb4 {[%clk 01:15:14]} {[%emt 00:00:21]} 31. Re4
{[%clk 01:20:55]} {[%emt 00:00:22]} Nc2 {[%emt 00:00:51]} 32. Ng4 {[%clk
01:21:12]} Nd4 {[%clk 01:14:47]} {[%emt 00:00:50]} 33. Nf6+ {[%clk 01:21:24]}
{[%emt 00:00:18]} Kf8 {[%clk 01:14:01]} {[%emt 00:01:15]} 34. Nxe8 {[%emt
00:00:46]} Kxe8 {[%clk 01:13:52]} 35. Rxe5+ {[%clk 01:22:11]} {[%emt 00:00:07]}
Kd8 {[%clk 01:13:22]} {[%emt 00:01:00]} 36. Ree7 {[%clk 01:22:23]} {[%emt
00:00:18]} Nb5 {[%clk 01:13:28]} {[%emt 00:00:24]} 37. Rab7 {[%clk 01:22:37]}
{[%emt 00:00:13]} Nc7 {[%clk 01:13:12]} {[%emt 00:00:50]} 38. Rbxc7 {[%clk
01:22:55]} {[%emt 00:00:11]} h5 {[%clk 01:13:27]} {[%emt 00:00:16]} 39. Rh7
{[%clk 01:22:55]} {[%emt 00:00:29]} g5 {[%clk 01:13:43]} {[%emt 00:00:14]} 40.
Rcg7 {[%clk 01:22:24]} {[%emt 00:01:01]} Ke8 {[%clk 01:13:43]} {[%emt
00:00:29]} 41. Rg8# {[%clk 01:22:47]} {[%emt 00:00:08]} 1-0